000 00903nam a2200229Ia 4500
999 _c34417
_d34417
001 141
003 GE_BSU
005 20220923142309.0
008 181216s200|||||ge |||||||||||||| ||geo||
020 _a9789941902949
040 _cGE_BSU
041 _ageo
080 _a336.71.(042.4) გ–61
100 _aგოგოხია, მაია
_914740
245 _aსაბანკო საქმე :
_bლექციების კურსი /
_cმაია გოგოხია ; [რედ. გ. გამსახურდია].
250 _aმეორე გადამუშავებული გამოცემა
264 _aთბილისი:
_bშპს "ლამპარი-99'',
_c2008.
300 _a413 გვ.
_b20 სმ.
504 _aბიბლიოგრ.: გვ. 412-413.
653 _aსაბანკო საქმე
942 _cBK
_2udc